<?xml version="1.0" encoding="UTF-8"?>
<collection xmlns="http://www.loc.gov/MARC21/slim">
 <record>
  <leader>01624nam a22002537a 4500</leader>
  <controlfield tag="001">NCT_45451</controlfield>
  <controlfield tag="008">180707b        xxu||||| |||| 00| 0 vie d</controlfield>
  <datafield tag="999" ind1=" " ind2=" ">
   <subfield code="c">2173</subfield>
   <subfield code="d">2173</subfield>
  </datafield>
  <datafield tag="020" ind1=" " ind2=" ">
   <subfield code="c">69000</subfield>
  </datafield>
  <datafield tag="082" ind1="0" ind2="4">
   <subfield code="2">23rd ed.</subfield>
   <subfield code="a">005.68</subfield>
   <subfield code="b">Ng527</subfield>
  </datafield>
  <datafield tag="100" ind1="1" ind2=" ">
   <subfield code="a">Lưu Triều Nguyên</subfield>
   <subfield code="e">Chủ biên</subfield>
  </datafield>
  <datafield tag="245" ind1="1" ind2="0">
   <subfield code="a">Các thủ thuật trong 3ds max</subfield>
   <subfield code="c">Lưu Triều Nguyên (chủ biên); Nguyễn Văn Hùng, Hoàng Đức Hải</subfield>
  </datafield>
  <datafield tag="260" ind1=" " ind2=" ">
   <subfield code="a">H.</subfield>
   <subfield code="b">Lao động - Xã hội</subfield>
   <subfield code="c">2007</subfield>
  </datafield>
  <datafield tag="300" ind1=" " ind2=" ">
   <subfield code="a">324 tr.</subfield>
   <subfield code="b">minh họa</subfield>
   <subfield code="c">24 cm</subfield>
  </datafield>
  <datafield tag="520" ind1="3" ind2=" ">
   <subfield code="a">Sách giúp bạn đọc làm việc với chương trình 3ds max hiệu quả và hấp dẫn hơn, dù bạn là người mới làm quen hay đã sử dụng thành thạo chương trình 3D rất mạnh mẽ và phổ biến này.</subfield>
  </datafield>
  <datafield tag="653" ind1=" " ind2=" ">
   <subfield code="a">Công nghệ thông tin</subfield>
  </datafield>
  <datafield tag="700" ind1="1" ind2=" ">
   <subfield code="a">Nguyễn Văn Hùng</subfield>
  </datafield>
  <datafield tag="700" ind1="1" ind2=" ">
   <subfield code="a">Hoàng Đức Hải</subfield>
  </datafield>
  <datafield tag="942" ind1=" " ind2=" ">
   <subfield code="2">ddc</subfield>
   <subfield code="c">BK</subfield>
  </datafield>
  <datafield tag="952" ind1=" " ind2=" ">
   <subfield code="0">0</subfield>
   <subfield code="1">0</subfield>
   <subfield code="2">ddc</subfield>
   <subfield code="4">0</subfield>
   <subfield code="6">005_680000000000000_NG527</subfield>
   <subfield code="7">0</subfield>
   <subfield code="9">12464</subfield>
   <subfield code="a">000001</subfield>
   <subfield code="b">000001</subfield>
   <subfield code="d">2018-07-07</subfield>
   <subfield code="o">005.68 Ng527</subfield>
   <subfield code="p">MD.02262</subfield>
   <subfield code="r">2018-07-07</subfield>
   <subfield code="v">69000.00</subfield>
   <subfield code="w">2018-07-07</subfield>
   <subfield code="y">BK</subfield>
  </datafield>
  <datafield tag="952" ind1=" " ind2=" ">
   <subfield code="0">0</subfield>
   <subfield code="1">0</subfield>
   <subfield code="2">ddc</subfield>
   <subfield code="4">0</subfield>
   <subfield code="6">005_680000000000000_NG527</subfield>
   <subfield code="7">0</subfield>
   <subfield code="9">12465</subfield>
   <subfield code="a">000001</subfield>
   <subfield code="b">000001</subfield>
   <subfield code="d">2018-07-07</subfield>
   <subfield code="o">005.68 Ng527</subfield>
   <subfield code="p">MD.02263</subfield>
   <subfield code="r">2018-07-07</subfield>
   <subfield code="v">69000.00</subfield>
   <subfield code="w">2018-07-07</subfield>
   <subfield code="y">BK</subfield>
  </datafield>
  <datafield tag="952" ind1=" " ind2=" ">
   <subfield code="0">0</subfield>
   <subfield code="1">0</subfield>
   <subfield code="2">ddc</subfield>
   <subfield code="4">0</subfield>
   <subfield code="6">005_680000000000000_NG527</subfield>
   <subfield code="7">0</subfield>
   <subfield code="9">12466</subfield>
   <subfield code="a">000001</subfield>
   <subfield code="b">000001</subfield>
   <subfield code="d">2018-07-07</subfield>
   <subfield code="o">005.68 Ng527</subfield>
   <subfield code="p">MD.02264</subfield>
   <subfield code="r">2018-07-07</subfield>
   <subfield code="v">69000.00</subfield>
   <subfield code="w">2018-07-07</subfield>
   <subfield code="y">BK</subfield>
  </datafield>
  <datafield tag="952" ind1=" " ind2=" ">
   <subfield code="0">0</subfield>
   <subfield code="1">0</subfield>
   <subfield code="2">ddc</subfield>
   <subfield code="4">0</subfield>
   <subfield code="6">005_680000000000000_NG527</subfield>
   <subfield code="7">0</subfield>
   <subfield code="9">12467</subfield>
   <subfield code="a">000001</subfield>
   <subfield code="b">000001</subfield>
   <subfield code="d">2018-07-07</subfield>
   <subfield code="o">005.68 Ng527</subfield>
   <subfield code="p">MD.02265</subfield>
   <subfield code="r">2018-07-07</subfield>
   <subfield code="v">69000.00</subfield>
   <subfield code="w">2018-07-07</subfield>
   <subfield code="y">BK</subfield>
  </datafield>
  <datafield tag="980" ind1=" " ind2=" ">
   <subfield code="a">Thư viện Trường Đại học Nam Cần Thơ</subfield>
  </datafield>
 </record>
</collection>
